[Event "33. Senioren LEM Sachsen-Anhalt 65+"]
[Site "Maritim-Hotel Magdeburg"]
[Date "2025.07.09"]
[Round "3.56"]
[White "Rosenkranz, Richard"]
[Black "Winkler, Georg"]
[Result "0-1"]
[WhiteElo "1592"]
[BlackElo "1724"]
[PlyCount "98"]
[EventDate "2025.07.07"]
[WhiteTeam "Haldensleber Sportclub"]
[BlackTeam "SV Apelnstedt"]

1. e4 e5 2. Nf3 Nc6 3. Bb5 d6 4. Bxc6+ bxc6 5. O-O Bg4 6. h3 Bh5 7. d4 Qf6 8.
Bg5 Bxf3 9. Bxf6 Bxd1 10. Bxg7 Bxg7 11. Rxd1 exd4 12. c3 c5 13. Na3 Rb8 14. Nc4
dxc3 15. bxc3 Bxc3 16. Rac1 Bd4 17. Na5 Rb2 18. Nc6 Bxf2+ 19. Kh1 Rxa2 20. e5
Ne7 21. exd6 Nxc6 22. dxc7 O-O 23. Rd6 Ne7 24. Rd8 Bg3 25. Rd7 Nc8 26. Rf1 Re2
27. h4 Re7 28. Rd5 Bxc7 29. Rxc5 Kh8 30. h5 h6 31. Rc6 Kh7 32. g4 Rg8 33. Rc4
Nd6 34. Rcf4 Rg7 35. Rd4 Ne4 36. Kg2 Rxg4+ 37. Kh3 Nf2+ 38. Rxf2 Rxd4 39. Kg2
Rg4+ 40. Kf1 Rf4 41. Rxf4 Bxf4 42. Kf2 Re3 43. Kg2 Kg7 44. Kf1 Kf6 45. Kg2 Kg5
46. Kf2 Kg4 47. Kg2 Re2+ 48. Kf1 Kf3 49. Kg1 Rb2 0-1

[Event "33. Senioren LEM Sachsen-Anhalt 65+"]
[Site "Maritim-Hotel Magdeburg"]
[Date "2025.07.09"]
[Round "3.58"]
[White "Ketelsen, Herbert"]
[Black "Langbein, Wolfgang"]
[Result "1-0"]
[WhiteElo "1648"]
[BlackElo "1531"]
[PlyCount "59"]
[EventDate "2025.07.07"]
[WhiteTeam "SK Kaltenkirchen"]
[BlackTeam "PSV Ribnitz-Damgarten"]

1. e4 e5 2. Nf3 d6 3. Be2 Nf6 4. d3 Be7 5. O-O O-O 6. b3 Nbd7 7. Bb2 b6 8. Nbd2
Bb7 9. Rc1 c5 10. Nc4 b5 11. Ne3 g6 12. Ne1 Qa5 13. a3 a6 14. c4 b4 15. axb4
Qxb4 16. f4 exf4 17. Rxf4 Nh5 18. Bxh5 Bg5 19. Rf3 gxh5 20. Rg3 h6 21. Qxh5 Kh7
22. Rc3 Bxe3+ 23. Rxe3 Ne5 24. Rh3 Ng4 25. Qxg4 Rg8 26. Qf5+ Rg6 27. Qxf7+ Rg7
28. Qf5+ Rg6 29. Nf3 Re8 30. Ng5+ 1-0